| 000 -LEADER |
| fixed length control field |
01504cam a2200313 i 4500 |
| 001 - CONTROL NUMBER |
| control field |
17968637 |
| 003 - CONTROL NUMBER IDENTIFIER |
| control field |
NUST-PNEC |
| 005 - DATE AND TIME OF LATEST TRANSACTION |
| control field |
20170116180655.0 |
| 008 - FIXED-LENGTH DATA ELEMENTS--GENERAL INFORMATION |
| fixed length control field |
131211s2014 nju 001 0 eng |
| 010 ## - LIBRARY OF CONGRESS CONTROL NUMBER |
| LC control number |
2013043112 |
| 020 ## - INTERNATIONAL STANDARD BOOK NUMBER |
| International Standard Book Number |
9781118674369 (pbk.) |
| 040 ## - CATALOGING SOURCE |
| Original cataloging agency |
DLC |
| Language of cataloging |
eng |
| Transcribing agency |
DLC |
| Description conventions |
rda |
| Modifying agency |
DLC |
| 042 ## - AUTHENTICATION CODE |
| Authentication code |
pcc |
| 050 00 - LIBRARY OF CONGRESS CALL NUMBER |
| Classification number |
T58.5 |
| Item number |
.R35 2014 |
| 082 00 - DEWEY DECIMAL CLASSIFICATION NUMBER |
| Classification number |
658.403 RAI |
| 100 1# - MAIN ENTRY--PERSONAL NAME |
| Personal name |
Rainer, R. Kelly, |
| Titles and words associated with a name |
Jr., |
| Dates associated with a name |
1949- |
| Relator term |
author. |
| 245 10 - TITLE STATEMENT |
| Title |
Introduction to information systems : |
| Remainder of title |
supporting and transforming business / |
| Statement of responsibility, etc. |
R. Kelly Rainer Jr., Brad Prince, Casey Cegielski |
| 250 ## - EDITION STATEMENT |
| Edition statement |
Fifth edition. |
| 260 ## - PUBLICATION, DISTRIBUTION, ETC. |
| Name of publisher, distributor, etc. |
John Wiley & Sons |
| Date of publication, distribution, etc. |
c.2014 |
| 300 ## - PHYSICAL DESCRIPTION |
| Extent |
xv, 513 pages ; |
| Dimensions |
26 cm |
| Other physical details |
Ill. : |
| 500 ## - GENERAL NOTE |
| General note |
Includes index. http://www.amazon.com/Introduction-Information-Systems-Kelly-Rainer/dp/1118674367/ref=sr_1_1?s=books&ie=UTF8&qid=1405922277&sr=1-1&keywords=9781118674369 |
| 650 #0 - SUBJECT ADDED ENTRY--TOPICAL TERM |
| Topical term or geographic name entry element |
Information technology. |
| General subdivision |
MIS |
| 9 (RLIN) |
1798 |
| 700 1# - ADDED ENTRY--PERSONAL NAME |
| Personal name |
Prince, Brad, |
| Dates associated with a name |
1978- |
| Relator term |
author. |
| 700 1# - ADDED ENTRY--PERSONAL NAME |
| Personal name |
Cegielski, Casey G., |
| Relator term |
author. |
| 776 08 - ADDITIONAL PHYSICAL FORM ENTRY |
| Relationship information |
Online version: |
| Main entry heading |
Rainer, R. Kelly, Jr., 1949- author. |
| Title |
Introduction to information systems |
| Edition |
Fifth edition / R. Kelly Rainer Jr., Brad Prince, Casey Cegielski ; with contributions by Alina M. Chircu, Bentley University, Marco Marabelli, Bentley University. |
| Place, publisher, and date of publication |
Hoboken, NJ : John Wiley and Sons, Inc., 2014 |
| International Standard Book Number |
9781118802281 |
| Record control number |
(DLC) 2013049409 |
| 906 ## - LOCAL DATA ELEMENT F, LDF (RLIN) |
| a |
7 |
| b |
cbc |
| c |
orignew |
| d |
1 |
| e |
ecip |
| f |
20 |
| g |
y-gencatlg |
| 942 ## - ADDED ENTRY ELEMENTS (KOHA) |
| Source of classification or shelving scheme |
|
| Koha item type |
Book |